000 00831nam a22002531 4500
001 7730
003 BD-RjUL
005 20211208234450.0
008 140115s1963 nyua b 001 0 eng
035 _a(BD-RjUL)7774
040 _aDLC/ICU
_cICU
_dDLC
_dBD-RjUL
_beng
041 _aeng
082 0 0 _a510.7834
_bWAD 1966
100 1 _aWare, Willis H.
_924105
245 1 0 _aDigital computer technology and design /
_cWillis H. Ware
260 _aNew York :
_bWiley ,
_cc1963 [ 2nd. pri. 1966]
300 _axx, 15.27 p. :
_billus. ;
_c23 cm.
504 _aIncludes bibliographies and index.
505 0 _av. 1. Mathematical topics, principles of operation, and programming.--v. 2. Circuits and machine design.
650 0 _aElectronic digital computers.
_924106
942 _2ddc
_cBK
999 _c7730
_d7730